Samperdae (Record no. 3321)

MARC details
000 -LEADER
fixed length control field 00566nam a2200241 a 4500
020 ## - INTERNATIONAL STANDARD BOOK NUMBER
ISBN
082 00 - DEWEY DECIMAL CLASSIFICATION NUMBER
Classification number 294.5
Author Cutter RAI
100 ## - MAIN ENTRY--AUTHOR NAME
Author name Rai, Bibi
245 ## - TITLE STATEMENT
Title Samperdae
Sub title Hindu Sects
260 ## - PUBLICATION, DISTRIBUTION, ETC. (IMPRINT)
Place of publication Ludhiana
Name of publisher Christian Lit. Society
Year of publication 1906
300 ## - PHYSICAL DESCRIPTION
Number of Pages 292p
500 ## - GENERAL NOTE
General note includes index and biblioraphy
505 2# - FORMATTED CONTENTS NOTE
Formatted contents note Appendex, Index
650 ## - SUBJECT ADDED ENTRY--TOPICAL TERM
Topical Term Hinduism
942 ## - ADDED ENTRY ELEMENTS (KOHA)
Koha item type Books
700 1# -
-- Rai, Bibi
Holdings
Collection code Home library Current library Date acquired Cost, normal purchase price Full call number Accession Number Koha item type
  Henry Martyn Institute Library Henry Martyn Institute Library 07/23/2007 100.00 294.5 RAI 08755 Books
                   Copyright © 2026 | Henry Martyn Institute | Hyderabad | TS-500052 | INDIA | Implemented by hmi.edu.in
Hit-Count:

Powered by Koha